Statistics for The Clues are in German - Ancient History

Click here to take the quiz!

General Stats

  • This quiz has been taken 71 times
  • The average score is 12 of 16

Answer Stats

HintAnswer% Correct
Ehrennahme des Siddhartha GautamaBuddha
94%
Welches papierähnliche Material wurde in Ägypten benutzt?Papyrus
89%
Karthagischer General, der Elefanten über die Alpen führteHannibal
87%
Volk aus Mesoamerika, das eine Schrift entwickelte und komplexe Kalender führteMaya
86%
In der Arena auftretender Schwertkämpfer. Spartacus war einer, Russell Crowe spielte einen.Gladiator
84%
Erster christlicher römischer Kaiser. Nach ihm wurde Konstantinopel benannt.Konstantin
84%
Nach einem makedonischen Eroberer benannte ägyptische Stadt mit einer Großen Bibliothek und dem Pharos. Alexandria
79%
Als Gaius Octavius geborener erster römischer KaiserAugustus
78%
Qin Shihuangdi vereinigte sieben Reiche und wurde damit der erste Kaiser diesen LandesChina
78%
Caesar wurde an den Iden des ___ ermordetMärz
75%
Einflussreichster chinesischer PhilosophKonfuzius
73%
Welches Reich regierten Xerxes und Kyrus?Persien
73%
In Athen entstand diese Staatsform (wörtlich "Herrschaft des Volkes")Demokratie
70%
Mesopotamische Stadt, regiert von Hammurabi. In der Bibel auch "Hure ____" genannt.Babylon
68%
Keltischer PriesterDruide
67%
Wie viele Spartaner führte Leonidas bei den Thermopylen an?300
62%

Score Distribution

Percentile by Number Answered

Percent of People with Each Score

Your Score History

You have not taken this quiz